Модель ресурсоэффективности в экономике знаний; Информационные технологии в науке, управлении, социальной сфере и медицине; Ч. 2
| Parent link: | Информационные технологии в науке, управлении, социальной сфере и медицине: сборник научных трудов III Международной научной конференции, 23-26 мая 2016 г., Томск.— , 2016 Ч. 2.— 2016.— [С. 327-331] |
|---|---|
| Autor Principal: | |
| Autor Corporativo: | |
| Summary: | Заглавие с титульного экрана Knowledge Economy is a modern branch of science that allows knowledge through efficient use of resources. Increased investment educational process allows a tremendous increase in the level of accumulated knowledge. Model of effective investment in educational and scientific sphere shows the relationship between level of education and level of development of subsystems of the knowledge economy. |
| Idioma: | ruso |
| Publicado: |
2016
|
| Series: | Информационные технологии и моделирование в финансовой сфере |
| Subjects: | |
| Acceso en liña: | http://earchive.tpu.ru/handle/11683/31485 |
| Formato: | MixedMaterials Electrónico Capítulo de libro |
| KOHA link: | https://koha.lib.tpu.ru/cgi-bin/koha/opac-detail.pl?biblionumber=619761 |
MARC
| LEADER | 00000naa2a2200000 4500 | ||
|---|---|---|---|
| 001 | 619761 | ||
| 005 | 20231101133058.0 | ||
| 035 | |a (RuTPU)RU\TPU\conf\18197 | ||
| 035 | |a RU\TPU\conf\18196 | ||
| 090 | |a 619761 | ||
| 100 | |a 20160831d2016 k y0rusy50 ca | ||
| 101 | 0 | |a rus | |
| 102 | |a RU | ||
| 105 | |a y z 101zy | ||
| 135 | |a drgn ---uucaa | ||
| 181 | 0 | |a i | |
| 182 | 0 | |a b | |
| 200 | 1 | |a Модель ресурсоэффективности в экономике знаний |d Resource-efficient model of the knowledge economy |f И. С. Ватлин | |
| 203 | |a Текст |c электронный | ||
| 225 | 1 | |a Информационные технологии и моделирование в финансовой сфере | |
| 230 | |a 1 компьютерный файл (pdf; 639 Kb) | ||
| 300 | |a Заглавие с титульного экрана | ||
| 320 | |a [Библиогр.: с. 331 (9 назв.)] | ||
| 330 | |a Knowledge Economy is a modern branch of science that allows knowledge through efficient use of resources. Increased investment educational process allows a tremendous increase in the level of accumulated knowledge. Model of effective investment in educational and scientific sphere shows the relationship between level of education and level of development of subsystems of the knowledge economy. | ||
| 461 | 1 | |0 (RuTPU)RU\TPU\conf\17281 |t Информационные технологии в науке, управлении, социальной сфере и медицине |o сборник научных трудов III Международной научной конференции, 23-26 мая 2016 г., Томск |o в 2 ч. |d 2016 | |
| 463 | 1 | |0 (RuTPU)RU\TPU\conf\17287 |t Ч. 2 |f Национальный исследовательский Томский политехнический университет (ТПУ) ; под ред. О. Г. Берестневой [и др.] |v [С. 327-331] |d 2016 | |
| 510 | 1 | |a Resource-efficient model of the knowledge economy |z eng | |
| 610 | 1 | |a труды учёных ТПУ | |
| 610 | 1 | |a электронные ресурсы | |
| 610 | 1 | |a экономика знаний | |
| 610 | 1 | |a образование | |
| 610 | 1 | |a ресурсоэффективные технологии | |
| 610 | 1 | |a природно-ресурсный потенциал | |
| 610 | 1 | |a капитализация | |
| 700 | 1 | |a Ватлин |b И. С. | |
| 712 | 0 | 2 | |a Национальный исследовательский Томский политехнический университет (ТПУ) |c (2009- ) |2 stltpush |3 (RuTPU)RU\TPU\col\15902 |
| 801 | 2 | |a RU |b 63413507 |c 20160912 |g RCR | |
| 856 | 4 | |u http://earchive.tpu.ru/handle/11683/31485 | |
| 942 | |c BK | ||